|
|
|
|
| LEADER |
00876nam a22002532a 4500 |
| 001 |
001349416 |
| 003 |
CZ BrMZK |
| 005 |
20131128105436.0 |
| 007 |
ta |
| 008 |
131128s1970 xo er|||||||||||slo d |
| 040 |
|
|
|a BOA001
|b cze
|
| 041 |
0 |
|
|a slo
|a hun
|
| 100 |
1 |
|
|a Tóth, Tibor
|4 aut
|
| 245 |
1 |
0 |
|a Cvičebnica slovenského jazyka pre 5. ročník ZDŠ s vyučovacím jazykom maďarským /
|c Tóth Tibor, Cseri Jenö, Juraj Pertzian
|
| 250 |
|
|
|a 2. vyd.
|
| 260 |
|
|
|a Bratislava :
|b Slovenské pedagogické nakladateľstvo,
|c 1970
|
| 300 |
|
|
|a 177 s. :
|b barev. il. ;
|c 8°
|
| 500 |
|
|
|a Slovensko-maďarský a maďarsko-slovenský slovník
|
| 700 |
1 |
|
|a Cseri, Jenö
|4 aut
|
| 700 |
1 |
|
|a Pertzian, Juraj
|7 jx20071219043
|4 aut
|
| 910 |
|
|
|a BOA001
|b 2-0521.736-70
|
| 990 |
|
|
|a BK
|
| 991 |
|
|
|b 201311
|
| 996 |
7 |
|
|b 2619042481
|c 2-0521.736-70
|l HP2
|r DEN
|n 0
|w 001384285
|u 000010
|a 1
|e BOA001
|j MZK50
|s A
|